000 00376nam a2200169Ia 4500
100 _aAgrawal/Mauli C
650 _aBiomaterials
942 _cBK
366 _f25
654 _abiomaterials
245 _aIntroduction to biomaterials
260 _bCambridge University Press
_c2014
082 _a542
_bAGR
300 _a402
546 _aENGLISH
_cInfo.Tech
999 _c24588
_d24588